000 00220nam a22000857a 4500
008 161020b xxu||||| |||| 00| 0 eng d
100 _9898
_aNehemiah.A.
245 _aSurprise Gifts
260 _aNew Delhi
_bCBT Publications
_c2011
999 _c3552
_d3552